[Event "TUR-chT2"]
[Site "Konya"]
[Date "2017.07.15"]
[Round "9.6"]
[White "Sari, Mert Eren"]
[Black "Yapici, Mustafa"]
[Result "0-1"]
[WhiteElo "1404"]
[BlackElo "1762"]
[PlyCount "56"]
[EventDate "2017.07.09"]
[EventType "team-swiss"]
[EventRounds "9"]
[EventCountry "TUR"]
[SourceTitle "CBM 179 Extra"]
[Source "ChessBase"]
[SourceDate "2017.08.23"]
[SourceVersion "1"]
[SourceVersionDate "2017.08.23"]
[SourceQuality "1"]
[WhiteTeam "Karaman Akademi"]
[BlackTeam "Dobruca"]
[WhiteTeamCountry "TUR"]
[BlackTeamCountry "TUR"]

1. e4 Nf6 2. e5 Nd5 3. d4 d6 4. c4 Nb6 5. exd6 exd6 6. Nc3 Be7 7. Be3 Bf5 8. Be2 Nc6 9. Nf3 0-0 10. Qd2 d5 11. c5 Nc4 12. Bxc4 dxc4 13. 0-0 Bd3 14. Rfd1 Bf6 15. Ne1 Bxd4 16. Nxd3 cxd3 17. Qxd3 Be5 18. Qc4 Qc8 19. Rd5 Rd8 20. Rad1 Rxd5 21. Rxd5 Qe6 22. Ne4 Ne7 23. Rd4 Bxd4 24. Qxd4 Nf5 25. Qb4 Nxe3 26. fxe3 Re8 27. Ng3 Qxe3+ 28. Kf1 Re6 0-1

[Event "TUR-chT2"]
[Site "Konya"]
[Date "2017.07.13"]
[Round "7.14"]
[White "Sari, Mert Eren"]
[Black "Ergin, Merih"]
[Result "1-0"]
[WhiteElo "1404"]
[BlackElo "1487"]
[PlyCount "59"]
[EventDate "2017.07.09"]
[EventType "team-swiss"]
[EventRounds "9"]
[EventCountry "TUR"]
[SourceTitle "CBM 179 Extra"]
[Source "ChessBase"]
[SourceDate "2017.08.23"]
[SourceVersion "1"]
[SourceVersionDate "2017.08.23"]
[SourceQuality "1"]
[WhiteTeam "Karaman Akademi"]
[BlackTeam "Koycegiz Su Sporlari"]
[WhiteTeamCountry "TUR"]
[BlackTeamCountry "TUR"]

1. e4 e6 2. d3 d5 3. Nd2 Nf6 4. g3 c5 5. Bg2 Nc6 6. f4 g6 7. Ngf3 Ng4 8. Qe2 Nb4 9. Nb3 Be7 10. c3 dxe4 11. cxb4 exf3 12. Bxf3 Nf6 13. bxc5 Bxc5 14. Nxc5 Qa5+ 15. Bd2 Qxc5 16. Bc3 Ke7 17. Rc1 Qf5 18. Be5 g5 19. Be4 Qh3 20. Rc7+ Nd7 21. Bxh8 gxf4 22. Be5 Kd8 23. Bxb7 Bxb7 24. Rxb7 Rc8 25. Bxf4 e5 26. Bd2 f6 27. Qe4 Rc2 28. Qd5 Kc8 29. Rxa7 Rxb2 30. Qg8+ 1-0

[Event "TUR-chT2"]
[Site "Konya"]
[Date "2017.07.10"]
[Round "2.16"]
[White "Sari, Mert Eren"]
[Black "Yilmaz, Serkan"]
[Result "0-1"]
[WhiteElo "1404"]
[BlackElo "1611"]
[PlyCount "72"]
[EventDate "2017.07.09"]
[EventType "team-swiss"]
[EventRounds "9"]
[EventCountry "TUR"]
[SourceTitle "CBM 179 Extra"]
[Source "ChessBase"]
[SourceDate "2017.08.23"]
[SourceVersion "1"]
[SourceVersionDate "2017.08.23"]
[SourceQuality "1"]
[WhiteTeam "Karaman Akademi"]
[BlackTeam "Amasya Oguz Ata"]
[WhiteTeamCountry "TUR"]
[BlackTeamCountry "TUR"]

1. e4 d5 2. exd5 Qxd5 3. Nc3 Qd8 4. d4 Nf6 5. Nf3 g6 6. g3 b6 7. Bg2 Bb7 8. Bf4 a6 9. Qd2 Bg7 10. 0-0-0 0-0 11. h4 Nbd7 12. h5 Nxh5 13. Bh6 Ndf6 14. Rxh5 Nxh5 15. g4 Nf6 16. Rh1 Nxg4 17. Bxg7 Kxg7 18. Rh4 h5 19. Rxh5 Rh8 20. Rg5 Nf6 21. Qd3 Qd6 22. Ne5 Bxg2 23. Rxg6+ Kf8 24. Rxg2 Rd8 25. Ne2 Rh1+ 26. Kd2 Qb4+ 27. c3 Qxb2+ 28. Ke3 Rh3+ 29. f3 Nd5+ 30. Ke4 e6 31. Qc4 Qb1+ 32. Nd3 Qf1 33. Rf2 Rh4+ 34. Ke5 f6+ 35. Kxe6 Re8+ 36. Kf5 Qh3+ 0-1

[Event "TUR Cup"]
[Site "Antalya"]
[Date "2017.01.31"]
[Round "5"]
[White "Sari, Mert Eren"]
[Black "Subasi, Cagrican"]
[Result "0-1"]
[WhiteElo "1553"]
[BlackElo "1764"]
[PlyCount "88"]
[EventDate "2017.01.28"]
[EventType "swiss"]
[EventRounds "11"]
[EventCountry "TUR"]
[SourceTitle "CBM 176 Extra"]
[Source "ChessBase"]
[SourceDate "2017.03.02"]
[SourceVersion "1"]
[SourceVersionDate "2017.03.02"]
[SourceQuality "1"]

1. e4 e6 2. d4 d5 3. Nd2 Nf6 4. Bd3 c5 5. c3 Nc6 6. Ne2 cxd4 7. Nxd4 Nxd4 8. cxd4 dxe4 9. Nxe4 Bb4+ 10. Bd2 Bxd2+ 11. Qxd2 0-0 12. Nc3 Bd7 13. 0-0 Bc6 14. Rfd1 Qb6 15. a3 a5 16. Qe3 Rfd8 17. Rd2 Rd7 18. Rad1 Rad8 19. Bb1 Qc7 20. Ne4 Bxe4 21. Bxe4 Nxe4 22. Qxe4 Rd5 23. f4 b5 24. Kf2 g5 25. g3 Rc8 26. Rd3 Qc2+ 27. R1d2 Qc1 28. Qe1 Qxe1+ 29. Kxe1 gxf4 30. gxf4 Rf5 31. Rf2 Kf8 32. Rc3 Rd8 33. Rd3 Rfd5 34. Rfd2 Ke7 35. Kf2 Kf6 36. Ke3 Rh5 37. Ke4 Ke7 38. d5 Rc8 39. d6+ Kd7 40. Rg3 Rc4+ 41. Kf3 Rf5 42. Rg4 h5 43. Rh4 e5 44. Rd5 e4+ 0-1

[Event "TUR Cup"]
[Site "Antalya"]
[Date "2017.01.28"]
[Round "1"]
[White "Daghan, Devran"]
[Black "Sari, Mert Eren"]
[Result "1-0"]
[WhiteElo "1964"]
[BlackElo "1553"]
[PlyCount "101"]
[EventDate "2017.01.28"]
[EventType "swiss"]
[EventRounds "11"]
[EventCountry "TUR"]
[SourceTitle "CBM 176 Extra"]
[Source "ChessBase"]
[SourceDate "2017.03.02"]
[SourceVersion "1"]
[SourceVersionDate "2017.03.02"]
[SourceQuality "1"]

1. e4 Nf6 2. e5 Nd5 3. c4 Nb6 4. d4 d6 5. Nf3 Bg4 6. exd6 cxd6 7. Be2 g6 8. 0-0 Bg7 9. b3 0-0 10. Bb2 Nc6 11. h3 Bd7 12. Nc3 a6 13. d5 Ne5 14. Nd4 g5 15. Ne4 h6 16. Ng3 e6 17. Nh5 Bh8 18. dxe6 fxe6 19. Qc2 Qe8 20. f4 Qg6 21. fxe5 Qxc2 22. Nxc2 dxe5 23. Ne3 Bc6 24. Ng4 Nd7 25. Nxh6+ Kh7 26. Nf7 Kg6 27. Nxh8+ Rxh8 28. Ng3 Rh4 29. Bg4 Re8 30. Rae1 Nf6 31. Bxe5 Nxg4 32. hxg4 Rxg4 33. Rf6+ Kh7 34. Ref1 Re7 35. Rf8 Rg7 36. Kf2 Rd7 37. Rh1+ Rh4 38. Rh8+ Kg6 39. R1xh4 gxh4 40. Rxh4 Rd2+ 41. Ke3 Rxg2 42. Rg4+ Kh6 43. a4 Ra2 44. Bg7+ Kh7 45. Ne4 Bxe4 46. Kxe4 Ra3 47. Rg3 Ra2 48. Bd4 Re2+ 49. Kd3 Rh2 50. Rg7+ Kh6 51. Rxb7 1-0